000 00882nam a2200241 i 4500
001 175580
003 ES-MaACL
005 20250808001327.0
007 t|
008 101110s1974 sp ||||1| spa d
020 _a84-220-0010-5
080 _a27-732.3
111 2 _aConcilio Vaticano (
_n2º.
_d1962-1965)
_9122
245 1 0 _aDocumentos del Vaticano II
_b: Constituciones, decretos, declaraciones : edición de bolsillo, con introducciones históricas, esquemas y copiosos índices.
250 _a24ª ed.
260 _aMadrid :
_bLa Editorial Católica,
_c1974.
300 _aIX, 723, [17] p. ;
_c18 cm.
490 1 _aBiblioteca de autores cristianos. Serie Minor ;
_v1
650 4 _aConcilios y sínodos.
_9135803
830 0 0 _aBiblioteca de autores cristianos.
_pMinor
_v1
_9189814
852 _aES-MaACL
_jE-13469
_xOlim P-1255
999 _c175580
_d175580